Pictures by the Letter - C - Statistics

General Stats
  • This quiz has been taken 133 times
  • The average score is 15 of 16
Answer Stats
Picture Answer % Correct
Cactus
100%
Carrot
100%
Cat
100%
Coconut
100%
Corvette / Car
100%
Cow
100%
Crab
100%
Camera
99%
Clock
99%
Corn
99%
Candle
97%
Chicken
93%
Cello
90%
Crayon
89%
Camper
54%
Chow Chow
48%
No matching quizzes found
Score Distribution
Percent of People with Each Score
Percentile by Number Answered
Your Score History
You have not taken this quiz